<?xml version="1.0" encoding="UTF-8"?>
<record
    xmlns:xsi="http://www.w3.org/2001/XMLSchema-instance"
    xsi:schemaLocation="http://www.loc.gov/MARC21/slim http://www.loc.gov/standards/marcxml/schema/MARC21slim.xsd"
    xmlns="http://www.loc.gov/MARC21/slim">

  <leader>01589namaa22003251i 4500</leader>
  <controlfield tag="005">20260303101537.0</controlfield>
  <controlfield tag="008">260108s1994    ua ado|frm||| 000 0 eng d</controlfield>
  <datafield tag="040" ind1=" " ind2=" ">
    <subfield code="a">EG-GICUC</subfield>
    <subfield code="b">eng</subfield>
    <subfield code="c">EG-GICUC</subfield>
    <subfield code="d">EG-GICUC</subfield>
    <subfield code="e">rda</subfield>
  </datafield>
  <datafield tag="041" ind1="0" ind2=" ">
    <subfield code="a">eng</subfield>
    <subfield code="b">eng</subfield>
    <subfield code="b">ara</subfield>
  </datafield>
  <datafield tag="049" ind1=" " ind2=" ">
    <subfield code="a">Deposit</subfield>
  </datafield>
  <datafield tag="097" ind1=" " ind2=" ">
    <subfield code="a">M.Sc</subfield>
  </datafield>
  <datafield tag="099" ind1=" " ind2=" ">
    <subfield code="a">Cai01.09.03.M.Sc.1994.He.E</subfield>
  </datafield>
  <datafield tag="100" ind1="0" ind2=" ">
    <subfield code="a">Heba Salah Hamza</subfield>
    <subfield code="e">preparation.</subfield>
  </datafield>
  <datafield tag="245" ind1="1" ind2="4">
    <subfield code="a">The effect of intervening hard tooth structure, technique of application and curing time on the surface hardness of photo-cured dental composite /</subfield>
    <subfield code="c">Heba Salah Hamza ; Supervised Dr. Amr Ahmed Shabka, Dr. Adel Ezzat Khairy, Dr.Abdelkhalek Attia.</subfield>
  </datafield>
  <datafield tag="246" ind1="1" ind2="5">
    <subfield code="a">&#x62A;&#x623;&#x62B;&#x64A;&#x631; &#x62A;&#x62F;&#x627;&#x62E;&#x644; &#x627;&#x644;&#x627;&#x62C;&#x632;&#x627;&#x621; &#x627;&#x644;&#x635;&#x644;&#x628;&#x629; &#x627;&#x644;&#x633;&#x646;&#x64A;&#x629;, &#x62A;&#x642;&#x646;&#x64A;&#x629; &#x627;&#x644;&#x648;&#x636;&#x639; &#x648;&#x632;&#x645;&#x646; &#x627;&#x644;&#x637;&#x628;&#x62E; &#x639;&#x644;&#x649; &#x627;&#x644;&#x635;&#x644;&#x627;&#x628;&#x629; &#x627;&#x644;&#x633;&#x637;&#x62D;&#x64A;&#x629; &#x644;&#x644;&#x645;&#x648;&#x627;&#x62F; &#x627;&#x644;&#x631;&#x627;&#x62A;&#x646;&#x62C;&#x64A;&#x629; &#x627;&#x644;&#x633;&#x646;&#x64A;&#x629; &#x627;&#x644;&#x645;&#x631;&#x643;&#x628;&#x629; &#x627;&#x644;&#x636;&#x648;&#x626;&#x64A;&#x629;</subfield>
  </datafield>
  <datafield tag="264" ind1=" " ind2="0">
    <subfield code="c">1994.</subfield>
  </datafield>
  <datafield tag="300" ind1=" " ind2=" ">
    <subfield code="a">94 pages : </subfield>
    <subfield code="b">illustrations ; </subfield>
    <subfield code="c">30 cm. + </subfield>
  </datafield>
  <datafield tag="336" ind1=" " ind2=" ">
    <subfield code="2">rda content</subfield>
    <subfield code="a">text</subfield>
  </datafield>
  <datafield tag="337" ind1=" " ind2=" ">
    <subfield code="2">rdamedia</subfield>
    <subfield code="a">Unmediated</subfield>
  </datafield>
  <datafield tag="338" ind1=" " ind2=" ">
    <subfield code="2">rdacarrier</subfield>
    <subfield code="a">volume</subfield>
  </datafield>
  <datafield tag="502" ind1=" " ind2=" ">
    <subfield code="a">Thesis (M.Sc.)-Cairo University, 2023. </subfield>
  </datafield>
  <datafield tag="504" ind1=" " ind2=" ">
    <subfield code="a">Bibliography: pages 87-94</subfield>
  </datafield>
  <datafield tag="653" ind1=" " ind2="0">
    <subfield code="a">Dental Enamel</subfield>
    <subfield code="a">Dentine</subfield>
    <subfield code="a">Composite Dental Resin</subfield>
  </datafield>
  <datafield tag="700" ind1="0" ind2=" ">
    <subfield code="a">Amr Ahmed Shabka.</subfield>
    <subfield code="e">thesis advisor.</subfield>
  </datafield>
  <datafield tag="700" ind1="0" ind2=" ">
    <subfield code="a">Adel Ezzat Khairy.</subfield>
    <subfield code="e">thesis advisor.</subfield>
  </datafield>
  <datafield tag="700" ind1="0" ind2=" ">
    <subfield code="a">Abdelkhalek Attia.</subfield>
    <subfield code="e">thesis advisor.</subfield>
  </datafield>
  <datafield tag="900" ind1=" " ind2=" ">
    <subfield code="D">Department of Operative Dentistry</subfield>
    <subfield code="F">Faculty of Oral and Dental Medicine</subfield>
    <subfield code="U">Cairo University</subfield>
    <subfield code="b">1994</subfield>
    <subfield code="c">Abdelkhalek Attia</subfield>
    <subfield code="c">Adel Ezzat Khairy</subfield>
    <subfield code="c">Abdelkhalek Attia</subfield>
  </datafield>
  <datafield tag="905" ind1=" " ind2=" ">
    <subfield code="a">Nermeen-A</subfield>
    <subfield code="e">Nourhan</subfield>
  </datafield>
  <datafield tag="942" ind1=" " ind2=" ">
    <subfield code="2">ddc</subfield>
    <subfield code="c">TH</subfield>
    <subfield code="e">21</subfield>
    <subfield code="n">0</subfield>
  </datafield>
  <datafield tag="999" ind1=" " ind2=" ">
    <subfield code="c">177517</subfield>
  </datafield>
  <datafield tag="952" ind1=" " ind2=" ">
    <subfield code="2">ddc</subfield>
    <subfield code="9">313440</subfield>
    <subfield code="a">CUCL</subfield>
    <subfield code="b">100</subfield>
    <subfield code="d">2026-01-08</subfield>
    <subfield code="i">25784</subfield>
    <subfield code="o">Cai01.09.03.M.Sc.1994.He.E</subfield>
    <subfield code="p">01010110025784000</subfield>
    <subfield code="r">2026-01-08 14:40:29</subfield>
    <subfield code="w">2026-01-08</subfield>
    <subfield code="y">TH</subfield>
  </datafield>
</record>
